000 00465cam a2200145 4500500
005 20251012011351.0
041 _afre
042 _adc
100 1 0 _aPersonne, Thomas
_eauthor
245 0 0 _aCosmos. Une ontologie matérialiste
260 _c2015.
500 _a100
786 0 _nPhilosophie magazine | 88 | 4 | 2015-04-01 | p. 71-72 | 1951-1787
856 4 1 _uhttps://shs.cairn.info/magazine-philosophie-magazine-2015-4-page-71?lang=fr&redirect-ssocas=7080
999 _c1522820
_d1522820